000 08598nas1a22007331i 4500
001 RU\NLR\INFOCOMM6\1000454181
005 20240726000416.0
035 _a(NLR Aleph) 002562921
090 _a3120704
_c3120704
100 _a20040526b19571967|||y0rusy50 ca
101 0 _arus
102 _aRU
110 _azyu||||0|y0
200 1 _aНовости зарубежной геологии
_fМ-во геологии и охраны недр СССР. Всесоюз. науч.-исслед. геол. ин-т (ВСЕГЕИ). Отд. науч.-техн. информации
210 _aЛ.
_d1957-1967
309 _aЛитогр.
440 0 _12001#$aНовости зарубежной геологии$hСерия
_tНовости зарубежной геологии
712 0 2 _aВсесоюзный научно-исследовательский геологический институт им. А.П. Карпинского
_cЛенинград
_4570
801 1 _aRU
_bInfoComm
_c20040526
801 0 _aRU
_bNLR
_gPSBO
852 _aNLR
_jП8/335
942 _cSE
980 _aRUSPER